Control de carga por voltaje : proyecto electrico I
Shranjeno v:
| Glavni avtor: | |
|---|---|
| Format: | Knjiga |
| Izdano: |
San José, Costa Rica
1987
|
| Teme: | |
| Oznake: |
Označite
Brez oznak, prvi označite!
|
MARC
| LEADER | 00000nam a2200000Ia 4500 | ||
|---|---|---|---|
| 003 | 004475 | ||
| 005 | 20221231144346.0 | ||
| 008 | 140114s1987 cr a m 000 ||s d | ||
| 040 | |c cru CEDI | ||
| 090 | |a TFG 2039 | ||
| 100 | |a Acuña Paganella, Jorge |9 12284 | ||
| 245 | |a Control de carga por voltaje : proyecto electrico I | ||
| 260 | |c 1987 |a San José, Costa Rica | ||
| 300 | |a [x, 95] hojas, [1] hojas plegables : ilustraciones ; 28 cm | ||
| 500 | |a Proyecto de graduación (bachiller en ingenieria electrica)--Universidad de Costa Rica. Facultad de Ingenieria. Escuela de Ingenieria Eléctrica | ||
| 650 | |x REGULADORES ELECTRICOS |x REGULADORES DE VOLTAJE |x CENTRALES ELECTRICAS - COSTA RICA |9 13747 | ||
| 942 | |c TFG | ||
| 999 | |c 20707 |d 20707 | ||
